離島の町 - Statistics

General Stats
  • This quiz has been taken 20 times
    19 since last reset
  • The average score is 58 of 194
Answer Stats
町成立日 消滅日 都道府県 市区町村 主な島嶼 % Correct
1966/01/01 北海道 奥尻郡 奥尻町 奥尻島
81%
1956/09/15 北海道 利尻郡 利尻町 利尻島
75%
1959/09/01 北海道 礼文郡 礼文町 礼文島
75%
1990/09/30 北海道 利尻郡 利尻富士町 利尻島
75%
2006/03/21 香川県 小豆郡 小豆島町 小豆島
69%
1949/07/01 2005/04/01 長崎県 西彼杵郡 大島町 大島
63%
1952/09/15 2004/10/01 山口県 大島郡 大島町 周防大島
63%
1955/04/01 東京都 大島町 伊豆大島
63%
1955/04/01 東京都 八丈町 八丈島
63%
1958/04/01 鹿児島県 大島郡 徳之島町 徳之島
63%
1898/02/11 香川県 小豆郡 土庄町 小豆島
56%
1941/05/05 鹿児島県 大島郡 和泊町 沖永良部島
56%
1962/01/01 鹿児島県 大島郡 伊仙町 徳之島
56%
1963/01/01 鹿児島県 大島郡 与論町 与論島
56%
2003/04/01 広島県 豊田郡 大崎上島町 大崎上島
56%
1901/11/01 1954/11/03 新潟県 佐渡郡 両津町 佐渡島
50%
1908/04/01 2004/03/01 長崎県 下県郡 厳原町 対馬
50%
1940/11/10 鹿児島県 熊毛郡 中種子町 種子島
50%
1941/10/01 鹿児島県 大島郡 喜界町 喜界島
50%
1946/09/01 鹿児島県 大島郡 知名町 沖永良部島
50%
1956/04/01 2005/04/01 兵庫県 津名郡 淡路町 淡路島
50%
1956/06/01 2004/08/01 長崎県 南松浦郡 上五島町 中通島
50%
1956/10/15 鹿児島県 熊毛郡 南種子町 種子島
50%
1961/01/01 鹿児島県 大島郡 天城町 徳之島
50%
2004/08/01 長崎県 南松浦郡 新上五島町 中通島
50%
2004/10/01 山口県 大島郡 周防大島町 周防大島
50%
2004/10/01 愛媛県 越智郡 上島町 弓削島
50%
1889/04/01 1896/04/01 新潟県 雑太郡 相川町 佐渡島
44%
1889/04/01 1940/02/11 兵庫県 津名郡 洲本町 淡路島
44%
1896/04/01 2004/03/01 新潟県 佐渡郡 相川町 佐渡島
44%
1940/02/11 長崎県 北松浦郡 小値賀町 小値賀島
44%
1947/12/01 沖縄県 八重山郡 与那国町 与那国島
44%
1948/07/01 沖縄県 八重山郡 竹富町 竹富島
44%
1951/10/01 2004/11/01 広島県 安芸郡 江田島町 江田島
44%
1954/04/01 香川県 香川郡 直島町 直島
44%
1955/01/01 熊本県 天草郡 苓北町 天草下島
44%
1955/04/01 2005/04/01 兵庫県 津名郡 津名町 淡路島
44%
1955/04/03 2005/01/11 兵庫県 三原郡 三原町 淡路島
44%
1955/04/15 2004/03/01 長崎県 上県郡 上県町 対馬
44%
1956/09/01 鹿児島県 大島郡 瀬戸内町 奄美大島
44%
1975/02/10 鹿児島県 大島郡 龍郷町 奄美大島
44%
1889/04/01 1896/04/01 新潟県 羽茂郡 小木町 佐渡島
38%
1896/04/01 2004/03/01 新潟県 佐渡郡 小木町 佐渡島
38%
1928/11/10 2006/03/27 兵庫県 飾磨郡 家島町 家島
38%
1929/05/05 2006/03/21 香川県 小豆郡 池田町 小豆島
38%
1940/04/17 2005/10/01 長崎県 北松浦郡 生月町 生月島
38%
1948/10/01 2005/01/04 長崎県 西彼杵郡 高島町 高島
38%
1954/07/20 2004/03/01 新潟県 佐渡郡 佐和田町 佐渡島
38%
1955/03/22 2005/04/01 兵庫県 津名郡 北淡町 淡路島
38%
1955/04/07 2005/01/11 兵庫県 三原郡 南淡町 淡路島
38%
1956/09/21 2006/03/27 熊本県 天草郡 天草町 天草下島
38%
1956/09/30 2004/08/01 長崎県 南松浦郡 新魚目町 中通島
38%
1957/11/03 2004/08/01 長崎県 南松浦郡 奈留町 奈留島
38%
1958/04/01 2007/10/01 鹿児島県 熊毛郡 上屋久町 屋久島
38%
1959/04/01 2007/10/01 鹿児島県 熊毛郡 屋久町 屋久島
38%
1960/01/01 鹿児島県 出水郡 長島町 長島
38%
1961/06/19 2005/04/01 兵庫県 津名郡 東浦町 淡路島
38%
1922/10/01 1946/07/01 鹿児島県 大島郡 名瀬町 奄美大島
31%
1926/12/01 1947/07/10 沖縄県 八重山郡 石垣町 石垣島
31%
1931/10/01 2005/04/01 長崎県 西彼杵郡 崎戸町 崎戸島
31%
1935/04/01 2004/03/01 長崎県 壱岐郡 勝本町 壱岐島
31%
1940/11/03 2005/01/16 愛媛県 越智郡 伯方町 伯方島
31%
1940/11/03 2004/08/01 長崎県 南松浦郡 三井楽町 福江島
31%
1943/10/01 2003/04/01 広島県 豊田郡 木江町 大崎上島
31%
1950/11/03 2005/11/03 広島県 佐伯郡 宮島町 厳島
31%
1951/01/01 2004/03/01 新潟県 佐渡郡 真野町 佐渡島
31%
1951/04/01 2006/03/21 香川県 小豆郡 内海町 小豆島
31%
1955/01/01 2004/03/01 長崎県 上県郡 上対馬町 対馬
31%
1955/02/11 2004/03/01 長崎県 壱岐郡 郷ノ浦町 壱岐島
31%
1955/03/01 2004/03/01 長崎県 下県郡 美津島町 対馬
31%
1955/03/31 2003/04/01 広島県 豊田郡 大崎町 大崎上島
31%
1955/03/31 2003/02/03 広島県 沼隈郡 内海町 田島
31%
1955/03/31 2005/01/16 愛媛県 越智郡 大三島町 大三島
31%
1955/04/01 2004/11/01 広島県 佐伯郡 能美町 能美島
31%
1955/04/01 2006/03/31 長崎県 北松浦郡 宇久町 宇久島
31%
1956/09/25 2004/08/01 長崎県 南松浦郡 若松町 若松島
31%
1956/09/30 2006/02/11 兵庫県 津名郡 五色町 淡路島
31%
1956/09/30 2004/11/01 広島県 佐伯郡 沖美町 能美島
31%
1957/07/01 2005/01/11 兵庫県 三原郡 西淡町 淡路島
31%
1957/07/10 2005/01/11 兵庫県 三原郡 緑町 淡路島
31%
1959/04/01 2004/03/31 熊本県 天草郡 龍ヶ岳町 天草上島
31%
1960/11/03 2004/03/01 新潟県 佐渡郡 金井町 佐渡島
31%
1961/01/01 2006/03/20 鹿児島県 大島郡 笠利町 奄美大島
31%
1961/04/01 2004/03/01 新潟県 佐渡郡 羽茂町 佐渡島
31%
1962/05/20 2005/01/04 長崎県 西彼杵郡 伊王島町 伊王島
31%
1962/09/01 2006/03/27 熊本県 天草郡 栖本町 天草下島
31%
1964/04/01 2003/04/01 広島県 豊田郡 東野町 大崎上島
31%
1970/08/01 2004/03/01 長崎県 壱岐郡 石田町 壱岐島
31%
1975/04/01 2004/03/01 長崎県 下県郡 豊玉町 対馬
31%
1976/04/01 2004/03/01 長崎県 上県郡 峰町 対馬
31%
1982/04/01 2005/10/01 沖縄県 宮古郡 伊良部町 宮古島
31%
1889/04/01 1896/04/01 新潟県 加茂郡 湊町 佐渡島
25%
1889/04/01 1896/04/01 新潟県 加茂郡 夷町 佐渡島
25%
1889/04/01 1956/04/01 兵庫県 津名郡 岩屋町 淡路島
25%
1889/04/01 1955/03/31 兵庫県 津名郡 志筑町 淡路島
25%
1889/04/01 1955/04/29 兵庫県 三原郡 福良町 淡路島
25%
1889/04/01 2006/01/10 広島県 豊田郡 瀬戸田町 生口島
25%
1889/04/01 1950/11/03 広島県 佐伯郡 厳島町 厳島
25%
1889/04/01 1955/01/01 長崎県 北松浦郡 平戸町 平戸島
25%
1896/04/01 1901/11/01 新潟県 佐渡郡 湊町 佐渡島
25%
1896/04/01 1901/11/01 新潟県 佐渡郡 夷町 佐渡島
25%
1898/11/03 1954/07/01 熊本県 天草郡 牛深町 天草下島
25%
1898/12/21 1954/04/01 熊本県 天草郡 本渡町 天草下島
25%
1904/01/01 2004/10/01 山口県 大島郡 久賀町 周防大島
25%
1904/05/01 1969/04/01 島根県 周吉郡 西郷町 島後島
25%
1906/01/01 2005/03/20 広島県 安芸郡 音戸町 倉橋島
25%
1915/11/10 1955/04/10 山口県 大島郡 安下庄町 周防大島
25%
1919/10/01 1954/04/01 長崎県 南松浦郡 福江町 福江島
25%
1922/09/01 2004/08/01 長崎県 南松浦郡 富江町 福江島
25%
1923/04/01 1955/03/31 兵庫県 津名郡 郡家町 淡路島
25%
1924/02/01 1947/03/07 沖縄県 宮古郡 平良町 宮古島
25%
1926/04/01 1958/10/01 鹿児島県 熊毛郡 西之表町 種子島
25%
1927/08/01 2004/11/01 広島県 佐伯郡 大柿町 能美島
25%
1927/09/01 1957/07/01 兵庫県 三原郡 湊町 淡路島
25%
1941/04/03 2004/08/01 長崎県 南松浦郡 岐宿町 福江島
25%
1942/01/01 1958/04/01 鹿児島県 大島郡 亀津町 徳之島
25%
1947/02/01 2005/10/01 沖縄県 宮古郡 城辺町 宮古島
25%
1949/01/01 2005/10/01 沖縄県 宮古郡 下地町 宮古島
25%
1950/10/01 2005/03/28 広島県 御調郡 向島町 向島
25%
1952/06/01 2005/03/20 広島県 安芸郡 倉橋町 倉橋島
25%
1952/08/01 2005/01/16 愛媛県 越智郡 宮窪町 大島
25%
1954/03/31 2005/01/16 愛媛県 越智郡 吉海町 大島
25%
1954/04/01 2004/03/31 熊本県 天草郡 大矢野町 天草上島
25%
1955/02/01 2004/10/01 石川県 鹿島郡 能登島町 能登島
25%
1955/03/31 2005/04/01 兵庫県 津名郡 一宮町 淡路島
25%
1955/04/01 2004/10/01 山口県 大島郡 東和町 周防大島
25%
1955/04/01 2004/03/01 長崎県 壱岐郡 芦辺町 壱岐島
25%
1955/04/10 2004/10/01 山口県 大島郡 橘町 周防大島
25%
1955/05/01 2006/03/27 熊本県 天草郡 五和町 天草下島
25%
1956/03/31 2005/03/20 広島県 豊田郡 豊町 大崎下島
25%
1956/07/10 2006/03/20 鹿児島県 出水郡 東町 長島
25%
1956/09/30 2005/03/20 広島県 安芸郡 蒲刈町 蒲刈島
25%
1959/09/01 1990/09/30 北海道 利尻郡 東利尻町 利尻島
25%
1960/04/01 2006/03/27 熊本県 天草郡 倉岳町 天草上島
25%
1962/01/01 2003/04/01 広島県 安芸郡 下蒲刈町 下蒲刈島
25%
1962/04/01 2004/03/31 熊本県 天草郡 姫戸町 天草上島
25%
1963/11/01 2006/03/27 熊本県 天草郡 御所浦町 御所浦島
25%
1964/04/01 2005/01/16 愛媛県 越智郡 上浦町 大三島
25%
1889/04/01 1896/04/01 新潟県 雑太郡 川原田町 佐渡島
19%
1889/04/01 1955/03/31 兵庫県 津名郡 由良町 淡路島
19%
1889/04/01 1955/01/01 熊本県 天草郡 富岡町 天草下島
19%
1896/04/01 1898/09/09 新潟県 佐渡郡 川原田町 佐渡島
19%
1917/01/01 1951/04/01 香川県 小豆郡 草壁町 小豆島
19%
1918/01/01 1953/05/01 広島県 御調郡 土生町 因島
19%
1921/06/01 1953/05/01 広島県 御調郡 三庄町 因島
19%
1924/04/01 1955/03/22 兵庫県 津名郡 富島町 淡路島
19%
1924/04/01 1954/04/01 熊本県 天草郡 登立町 天草上島
19%
1924/06/01 1956/09/30 兵庫県 津名郡 都志町 淡路島
19%
1925/03/10 1955/02/11 長崎県 壱岐郡 武生水町 壱岐島
19%
1928/11/01 1955/03/31 兵庫県 津名郡 佐野町 淡路島
19%
1928/11/01 1955/03/31 兵庫県 津名郡 生穂町 淡路島
19%
1933/11/03 2004/08/01 長崎県 南松浦郡 玉之浦町 福江島
19%
1934/04/01 1955/04/07 兵庫県 三原郡 阿万町 淡路島
19%
1936/04/01 1956/09/01 鹿児島県 大島郡 古仁屋町 奄美大島
19%
1940/10/17 1955/03/01 長崎県 下県郡 鶏知町 対馬
19%
1941/02/11 1955/05/01 熊本県 天草郡 二江町 天草下島
19%
1943/12/08 2004/08/01 長崎県 南松浦郡 奈良尾町 中通島
19%
1947/09/20 1964/06/01 沖縄県 八重山郡 大浜町 石垣島
19%
1951/01/21 2006/01/01 長崎県 北松浦郡 福島町 福島
19%
1952/08/01 2005/01/01 愛媛県 温泉郡 中島町 中島
19%
1953/01/01 2004/10/01 愛媛県 越智郡 弓削町 弓削島
19%
1954/11/01 2006/03/27 熊本県 天草郡 河浦町 天草下島
19%
1956/06/01 2006/03/27 熊本県 天草郡 有明町 天草上島
19%
1956/09/01 2004/03/31 熊本県 天草郡 松島町 天草上島
19%
1960/11/03 2004/03/01 新潟県 佐渡郡 畑野町 佐渡島
19%
1961/04/01 2006/03/27 熊本県 天草郡 新和町 天草下島
19%
1969/11/03 2005/03/20 広島県 豊田郡 豊浜町 豊島
19%
1975/01/01 2006/01/01 長崎県 北松浦郡 鷹島町 鷹島
19%
1889/04/01 1896/04/01 新潟県 雑太郡 五十里町 佐渡島
13%
1889/04/01 1896/04/01 新潟県 雑太郡 新町 佐渡島
13%
1889/04/01 1956/03/31 広島県 豊田郡 御手洗町 大崎下島
13%
1896/04/01 1901/11/01 新潟県 佐渡郡 五十里町 佐渡島
13%
1896/04/01 1901/11/01 新潟県 佐渡郡 新町 佐渡島
13%
1901/11/01 1954/07/20 新潟県 佐渡郡 沢根町 佐渡島
13%
1912/03/01 1956/04/01 兵庫県 津名郡 仮屋町 淡路島
13%
1916/06/01 1952/09/15 山口県 大島郡 小松町 周防大島
13%
1920/01/01 1943/10/01 広島県 豊田郡 木ノ江町 大崎上島
13%
1923/04/01 1955/03/31 兵庫県 津名郡 江井町 淡路島
13%
1932/10/17 2004/08/01 長崎県 南松浦郡 有川町 中通島
13%
1940/04/01 1947/03/15 徳島県 板野郡 鳴門町 大毛島
13%
1954/04/01 1970/04/01 広島県 御調郡 向東町 向島
13%
1898/09/09 1954/07/20 新潟県 佐渡郡 河原田町 佐渡島
6%
1921/10/01 1933/03/20 山口県 豊浦郡 彦島町 彦島
6%
1941/04/01 1956/06/01 長崎県 南松浦郡 青方町 中通島
6%
1946/11/03 1957/02/11 島根県 知夫郡 浦郷町 西ノ島
6%
1947/11/03 1955/04/01 長崎県 壱岐郡 田河町 壱岐島
6%
1948/12/01 1955/01/01 長崎県 上県郡 豊崎町 対馬
6%
1949/04/01 1953/05/01 広島県 御調郡 田熊町 因島
6%
1949/08/01 1955/04/01 長崎県 北松浦郡 平町 宇久島
6%
1949/11/01 1956/09/15 北海道 利尻郡 沓形町 利尻島
6%
1951/01/01 1955/04/01 広島県 佐伯郡 鹿川町 能美島
6%
1952/04/01 1955/04/01 岡山県 小田郡 北木島町 北木島
6%
1952/07/01 1955/04/01 岡山県 小田郡 神島外町 神島
6%
1949/04/01 1949/07/01 長崎県 西彼杵郡 黒瀬町 大島
0%
No matching quizzes found
Score Distribution
Percent of People with Each Score
Percentile by Number Answered
Your Score History
You have not taken this quiz since the last reset